000 00399nam a2200181Ia 4500
005 20240823035041.0
008 240823s9999||||xx |||||||||||||| ||und||
041 _aENGLISH
082 _A823.8 P6
100 _aGita Krishnankutty
245 0 _aGovardhans Travels
250 _a1st
260 _c2006
_bPenguin
500 _aYES
650 _aNovel
_bEnglish
942 _cBK
999 _c199760
_d199760